Biblioteca y Centro de Documentación

Valoraciones de méritos Training and experience en la Administración Pública y la Empresa = Merit ratings training and experience in the Public Administration and Industry (Registro nro. 39966)

Detalles MARC
000 -CABECERA
Longitud fija campo de control 01498naa a2200337 c 4500
001 - NÚMERO DE CONTROL
Número de control 39966
003 - IDENTIFICADOR DE NÚMERO DE CONTROL
Identificador del número de control ES-MaCES
005 - FECHA Y HORA DE LA ÚLTIMA TRANSACCIÓN
Fecha y hora de la última transacción 20150925135507.0
008 - CAMPO FIJO DE DESCRIPCIÓN FIJA--INFORMACIÓN GENERAL
Códigos de información de longitud fija   100305n2009 sp d t 000 | spa d
035 ## - NÚMERO DE CONTROL DEL SISTEMA
Número de control del sistema CES20100003047v
040 ## - FUENTE DE CATALOGACIÓN
Centro catalogador de origen ES-MaCES
Lengua de catalogación spa
Centro transcriptor ES-MaCES
245 00 - MENCIÓN DE TÍTULO
Título Valoraciones de méritos Training and experience en la Administración Pública y la Empresa = Merit ratings training and experience in the Public Administration and Industry
Resto del título : fiabilidad, validez y discriminación de género = realibility, validity and gender differences
Mención de responsabilidad, etc. Pamela Alonso, Gabriel Taúriz y Beata Choragwicka
500 ## - NOTA GENERAL
Nota general Resumen
650 #4 - ASIENTO SECUNDARIO DE MATERIA--TÉRMINO DE MATERIA
Término de materia o nombre geográfico como elemento inicial investigación en la administración empresarial
9 (RLIN) 30349
650 #4 - ASIENTO SECUNDARIO DE MATERIA--TÉRMINO DE MATERIA
Término de materia o nombre geográfico como elemento inicial metodología
9 (RLIN) 28842
650 #4 - ASIENTO SECUNDARIO DE MATERIA--TÉRMINO DE MATERIA
Término de materia o nombre geográfico como elemento inicial trabajo de valor comparable
9 (RLIN) 29782
650 #4 - ASIENTO SECUNDARIO DE MATERIA--TÉRMINO DE MATERIA
Término de materia o nombre geográfico como elemento inicial técnica administrativa
9 (RLIN) 28201
650 #4 - ASIENTO SECUNDARIO DE MATERIA--TÉRMINO DE MATERIA
Término de materia o nombre geográfico como elemento inicial formación avanzada de especialistas
9 (RLIN) 29307
650 #4 - ASIENTO SECUNDARIO DE MATERIA--TÉRMINO DE MATERIA
Término de materia o nombre geográfico como elemento inicial política de personal
9 (RLIN) 29817
650 #4 - ASIENTO SECUNDARIO DE MATERIA--TÉRMINO DE MATERIA
Término de materia o nombre geográfico como elemento inicial experiencia laboral
9 (RLIN) 29938
650 #4 - ASIENTO SECUNDARIO DE MATERIA--TÉRMINO DE MATERIA
Término de materia o nombre geográfico como elemento inicial a nivel de la empresa
9 (RLIN) 29185
650 #4 - ASIENTO SECUNDARIO DE MATERIA--TÉRMINO DE MATERIA
Término de materia o nombre geográfico como elemento inicial selección
9 (RLIN) 30039
653 10 - TÉRMINO DE INDEXACIÓN--NO CONTROLADO
Término no controlado Administración-Instituciones públicas
650 #4 - ASIENTO SECUNDARIO DE MATERIA--TÉRMINO DE MATERIA
9 (RLIN) 27392
Término de materia o nombre geográfico como elemento inicial formación
700 1# - ENCABEZAMIENTO SECUNDARIO--NOMBRE PERSONAL
Nombre de persona Choragwivka, Beata
9 (RLIN) 9600
700 1# - ENCABEZAMIENTO SECUNDARIO--NOMBRE PERSONAL
Nombre de persona Táuriz, Gabriel
9 (RLIN) 24720
773 0# - ENTRADA DE DOCUMENTO FUENTE
Título Revista de psicología del trabajo y de las organizaciones
Parte(s) relacionada(s) vol. 25, n. 3 (2009){55/917 R. 075836}; p. 245-258
Número de control del registro relacionado (ES-MaCES)25882
Itemnumber del ítem fuente 76782
902 ## - CES. TIPO DE DOCUMENTO
Tipodoc (006$c Sirtex) ART Artículo de revista
942 ## - ELEMENTOS KOHA
Fuente de clasificaión o esquema Clasificación propia del CES
Koha [por defecto] tipo de item Artículos (1982-2017)
Parte de clasificación 6.3.

No hay ítems disponibles.

© CES, Consejo Económico y Social de España 2021